Normal view
MARC view
- Inamdar S & Nandini Madan, Donor
Entry Personal Name
001 - CONTROL NUMBER
- control field: 115815
003 - CONTROL NUMBER IDENTIFIER
- control field: OSt
005 - DATE AND TIME OF LATEST TRANSACTION
- control field: 20230125045058.0
008 - FIXED-LENGTH DATA ELEMENTS
- fixed length control field: 230125|| aca||aabn | a|a d
040 ## - CATALOGING SOURCE
- Original cataloging agency: OSt
- Transcribing agency: OSt
100 ## - HEADING--PERSONAL NAME
- Personal name: Inamdar S & Nandini Madan, Donor
670 ## - SOURCE DATA FOUND
- Source citation: Work cat.: (OSt)93607: Inamdar S 115814, Financial Management, 2009